Fozzy 'Painless' Lyrics - Statistics

General Stats
  • This quiz has been taken 9 times
  • The average score is 226 of 292
Answer Stats
Answer % Correct
a
100%
A
100%
be
100%
Do
100%
down
100%
I
100%
in
100%
it
100%
love
100%
me
100%
of
100%
on
100%
one
100%
pain
100%
painless
100%
Painless
100%
So
100%
the
100%
The
100%
what
100%
You
100%
you
100%
and
80%
at
80%
breath
80%
can't
80%
enough
80%
feel
80%
finish
80%
go
80%
here
80%
I'm
80%
is
80%
Killing
80%
know
80%
lay
80%
life
80%
make
80%
My
80%
my
80%
off
80%
rest
80%
this
80%
time
80%
to
80%
To
80%
way
80%
your
80%
any
60%
anything
60%
awake
60%
between
60%
Don't
60%
grave
60%
Half
60%
half
60%
hollow
60%
into
60%
It's
60%
it's
60%
leave
60%
Like
60%
like
60%
machine
60%
paralyzed
60%
skin
60%
trapped
60%
under
60%
within
60%
Won't
60%
always
40%
Caught
40%
caught
40%
drift
40%
end
40%
fix
40%
inside
40%
making
40%
misery
40%
never
40%
no
40%
over
40%
own
40%
scream
40%
stop
40%
suicide
40%
till
40%
twisting
40%
web
40%
whisper
40%
brain
20%
coma
20%
Consumed
20%
embrace
20%
escaping
20%
forever
20%
knife
20%
medicate
20%
needles
20%
or
20%
soul
20%
take
20%
Temptation
20%
there's
20%
veins
20%
waste
20%
wins
20%
yours
20%
No matching quizzes found
Score Distribution
Percent of People with Each Score
Percentile by Number Answered
Your Score History
You have not taken this quiz